| 000 | 00563nam a2200121Ia 4500 | ||
|---|---|---|---|
| 008 | 220615s9999||||xx |||||||||||||| ||und|| | ||
| 100 | _aClorinda Penalba, Olga||Laura Bettolli, Maria | ||
| 245 | 0 | _aChapter Climate Change Impacts on Atmospheric Circulation and Daily Precipitation in the Argentine Pampas Region | |
| 546 | _aEnglish[eng] | ||
| 650 | _aEarth sciences, geography, environment, planning | ||
| 856 | _uhttps://library.oapen.org/bitstream/20.500.12657/48906/1/19839.pdf||https://library.oapen.org/bitstream/20.500.12657/48906/1/19839.pdf | ||
| 942 | _cEB | ||
| 999 |
_c10307 _d10307 |
||